000 00789nam a2200253Ia 4500
003 OSt
005 20220925205751.0
006 a|||||r|||| 00| 0
007 ta
008 220923b |||||||| |||| 00| 0 eng d
020 _a082483361
037 _cGeneral Book
040 _aRTL
_cRTL
_beng
041 _2eng
_aeng
082 _aX:77.43.N7, L5
100 _aIchimura Shinichi Ed.
_9149814
245 0 _aEconomic development of East and South East Asia
260 _aHonolulu
_bUniversity Press of Hawaii
_c1975
300 _a393p.
_ccm.
490 _aCentre for South East Asian Studies, Kyoto University, Monographs. 7.
650 _aEconomic Development
_917300
942 _hX:77.43.N7, L5
_cGB
_2CC
999 _c553148
_d553148